মধ্যযুগের কাব্য-সংগ্রহ / (Record no. 44794)
[ view plain ]
| 000 -LEADER | |
|---|---|
| fixed length control field | 01116nam a2200253 a 4500 |
| 001 - CONTROL NUMBER | |
| control field | 44794 |
| 003 - CONTROL NUMBER IDENTIFIER | |
| rucl marc code | BD-RjUL |
| 005 - DATE AND TIME OF LATEST TRANSACTION | |
| control field | 20211209053923.0 |
| 008 - FIXED-LENGTH DATA ELEMENTS--GENERAL INFORMATION | |
| fixed length control field | 160720s1962 bg ||||| |||| 00| 0 ben d |
| 020 ## - INTERNATIONAL STANDARD BOOK NUMBER | |
| Terms of availability | : PRs.6.31 |
| 035 ## - SYSTEM CONTROL NUMBER | |
| System control number | (BD-RjUL)44912 |
| 040 ## - CATALOGING SOURCE | |
| Original cataloging agency | BD-RjUL |
| Language of cataloging | ben |
| Transcribing agency | BD-RjUL |
| Modifying agency | BD-RjUL |
| 041 ## - LANGUAGE CODE | |
| Language code of text/sound track or separate title | ben |
| 082 ## - DEWEY DECIMAL CLASSIFICATION NUMBER | |
| Edition number | 23 |
| Classification number | 891.44108 |
| Author mark and year | MOD 1962 |
| 245 10 - TITLE STATEMENT | |
| Title | মধ্যযুগের কাব্য-সংগ্রহ / |
| Statement of responsibility, etc. | আহমদ শরীফ সঙ্কলিত |
| 260 ## - PUBLICATION, DISTRIBUTION, ETC. (IMPRINT) | |
| Place of publication, distribution, etc. | ঢাকা : |
| Name of publisher, distributor, etc. | বাঙ্লা একাডেমী, |
| Date of publication, distribution, etc. | ১৯৬২ |
| 300 ## - PHYSICAL DESCRIPTION | |
| Pagination | [২৪], ৪৩৪ (ক-থ) পৃ. ; |
| Size | ২১ সেমি. |
| 490 ## - SERIES STATEMENT | |
| Series statement | প্রাচীন সাহিত্য সংরক্ষণ-গ্রন্রহমালা- |
| Volume/sequential designation | ৩ |
| 650 ## - SUBJECT ADDED ENTRY--TOPICAL TERM | |
| Topical term or geographic name as entry element | বাংলা কবিতা |
| Form subdivision | সংগ্রহ |
| 9 (RLIN) | 137307 |
| Topical term or geographic name as entry element | Bengali Poetry |
| Form subdivision | Collections |
| 9 (RLIN) | 137308 |
| 700 ## - ADDED ENTRY--PERSONAL NAME | |
| Personal name | শরীফ,আহমদ সঙ্কলিত |
| 830 ## - SERIES ADDED ENTRY--UNIFORM TITLE | |
| Uniform title | প্রাচীন সাহিত্য সংরক্ষণ-গ্রন্রহমালা- |
| Volume number/sequential designation | ৩ |
| 942 ## - ADDED ENTRY ELEMENTS (KOHA) | |
| Source of classification or shelving scheme | Dewey Decimal Classification |
| Koha item type | Books |
| Lost status | Source of classification or shelving scheme | Damaged status | Not for loan | Collection code | Permanent Location | Current Location | Shelving location | Date acquired | Source of acquisition | Cost, normal purchase price | Total Checkouts | Full call number | Date last seen | Copy number | Koha item type | Date checked out |
|---|---|---|---|---|---|---|---|---|---|---|---|---|---|---|---|---|
| Dewey Decimal Classification | Non-fiction | Central Library, University of Rajshahi | Central Library, University of Rajshahi | 15/12/1966 | Nowrose | 6.31 | B 891.44108 MOD 1962 | 20/07/2016 | C-2 | Books | ||||||
| Dewey Decimal Classification | Non-fiction | Central Library, University of Rajshahi | Central Library, University of Rajshahi | 13/02/1967 | 6.31 | B 891.44108 MOD 1962 | 07/11/2016 | C-3 | Books | |||||||
| Dewey Decimal Classification | Non-fiction | Central Library, University of Rajshahi | Central Library, University of Rajshahi | 12/01/1965 | Ideal Library, Dhaka. | 6.31 | B 891.44108 MOD 1962 | 14/11/2016 | C-4 | Books | ||||||
| Dewey Decimal Classification | Non-fiction | Central Library, University of Rajshahi | Central Library, University of Rajshahi | 15/12/1966 | N/A | 6.31 | B 891.44108 MOD 1962 | 15/11/2016 | C-5 | Books | ||||||
| Dewey Decimal Classification | Non-fiction | Central Library, University of Rajshahi | Central Library, University of Rajshahi | 15/12/1966 | N/A | 6.31 | B 891.44108 MOD 1962 | 15/11/2016 | C-6 | Books | ||||||
| Dewey Decimal Classification | Non-fiction | Central Library, University of Rajshahi | Central Library, University of Rajshahi | 12/01/1965 | Ideal Library, Dhaka. | 6.31 | B 891.44108 MOD 1962 | 15/11/2016 | C-7 | Books | ||||||
| Dewey Decimal Classification | Non-fiction | Central Library, University of Rajshahi | Central Library, University of Rajshahi | 15/12/1966 | N/A | 6.31 | B 891.44108 MOD 1962 | 15/11/2016 | C-8 | Books | ||||||
| Dewey Decimal Classification | Non-fiction | Central Library, University of Rajshahi | Central Library, University of Rajshahi | 15/12/1966 | N/A | 6.32 | 2 | B 891.44108 MOD 1962 | 18/07/2017 | C-9 | Books | 17/07/2017 | ||||
| Dewey Decimal Classification | Non-fiction | Central Library, University of Rajshahi | Central Library, University of Rajshahi | 12/01/1965 | Ideal Library, | 6.31 | B 891.44108 MOD 1962 | 28/11/2016 | C-10 | Books | ||||||
| Dewey Decimal Classification | Not For Loan | Non-fiction | Central Library, University of Rajshahi | Central Library, University of Rajshahi | Reading Room | 15/12/1966 | N/A | 6.31 | B 891.44108 MOD 1962 | 28/11/2016 | C-1 | Books |